| 000 | 00422nam a2200145 a 4500 | ||
|---|---|---|---|
| 005 | 20140414132110.0 | ||
| 008 | 110513s19uu xx 00 eng d | ||
| 050 |
_aREF 791.43 _bM13 2008 |
||
| 100 | _aMcCall, Gerrie | ||
| 245 | _aMonsters and villains. | ||
| 260 |
_aNew York : _bScholastic, _c2008. |
||
| 650 | _aMonsters in motion pictures. | ||
| 650 |
_aScience fiction films _xHistory and criticism. |
||
| 999 |
_c114725 _d114725 |
||